| 000 | 01882ncm a2200517 c 4500 | ||
|---|---|---|---|
| 100 |
_aБах, Йохан Себастиан _9248172 |
||
| 999 |
_c322063 _d322063 |
||
| 003 | BLK | ||
| 005 | 20240813005352.0 | ||
| 008 | 180414b bul |a|er|||| |0| c|bulo| | ||
| 010 | _aNOT00004114000 | ||
| 040 | _aBLK | ||
| 041 |
_aBUL _cBUL |
||
| 080 |
_aДуо за две флейти _b785.72:788.5 _z785.72:788.5 |
||
| 139 |
_aБах, Йохан Себастиан _bБ 30 |
||
| 245 | 1 | 0 |
_aИзбрани пиеси за две флейти _cЙохан Себастиан Бах; състав. и аранж. Никола Стефанов. |
| 254 | _aПартитура | ||
| 257 | _aDEU | ||
| 260 |
_bНаука и изкуство _c1967 |
||
| 300 |
_a39 с. _c31 см |
||
| 380 | _a7 | ||
| 505 | _tИнвенция ла-минор | ||
| 505 | _tИнвенция ре-минор | ||
| 505 | _tИнвенция сол-минор | ||
| 505 | _tИнвенция ми бемол-мажор | ||
| 505 | _tИнвенция до-мажор | ||
| 505 | _tИнвенция ми-мажор | ||
| 505 | _tИнвенция до-минор | ||
| 505 | _tИнвенция ла-мажор | ||
| 505 | _tИнвенция фа-минор | ||
| 505 | _tФуга до-минор | ||
| 505 | _tФуга ми-минор | ||
| 505 | _tФуга си бемол-мажор | ||
| 505 | _tФуга си-минор | ||
| 505 | _tФуга фа-минор | ||
| 650 | 4 |
_aФлейта - пиеси, сонати, сюити _9354610 |
|
| 653 | _aфлейта | ||
| 653 | _aдуети | ||
| 700 | 1 |
_aСтефанов, Никола _eсъстав. и аранж. _9369386 |
|
| 852 |
_aЦб М ІІ 4406 _p14 |
||
| 856 | 4 |
_qpdf _u |
|
| 856 | 4 |
_qpdf _u |
|
| 942 |
_cNOT _n0 _s1 |
||
| 944 |
_aCR _c09.10.2017 _k _lCRON CRON |
||
| 944 |
_aED _c09.10.2017 _kИрена_Линкова |
||
| 999 | _d322063 | ||